[Event "NOR-ch"]
[Site "Kristiansand"]
[Date "1987.??.??"]
[Round "?"]
[White "Haugli, Petter"]
[Black "Jansson, Joran"]
[Result "1-0"]
[WhiteElo "2370"]
[BlackElo "2270"]

1.e4 g6 2.d4 Bg7 3.Nc3 d6 4.Be3 c6 5.h3 b5 6.Bd3 a6 7.Nf3 Nd7 8.a4 Bb7 9.O-O e6
10.d5 b4 11.dxe6 fxe6 12.Ne2 Ngf6 13.Ng5 Qe7 14.Nf4 Nf8 15.Bc4 d5 16.exd5 cxd5
17.Bb3 h6 18.Nf3 e5 19.Re1 e4 20.Nd4 O-O-O 21.c3 g5 22.Nh5 Nxh5 23.Qxh5 Ne6
24.Qg4 Bxd4 25.Bxd4 Rhf8 26.Be5 Qf7 27.Qg3 Nc5 28.cxb4 Nxb3 29.Rac1+ Nxc1
30.Rxc1+ Kd7 31.Rc7+ Ke6 32.Rxf7 Rxf7 33.Bc7 Rxc7 34.Qxc7 Rd7 35.Qb6+ Ke5
36.Qxh6 d4 37.Qxg5+ Ke6 38.Qg6+ Ke5 39.Qe8+ Kd6 40.Kf1  1-0

[Event "Lloyds Bank op"]
[Site "London"]
[Date "1987.??.??"]
[Round "9"]
[White "Kudrin, Sergey"]
[Black "Watson, William N"]
[Result "1-0"]
[WhiteElo "2515"]
[BlackElo "2530"]

1.e4 g6 2.d4 Bg7 3.Nc3 d6 4.f4 Nc6 5.Be3 Nf6 6.Nf3 O-O 7.e5 Ng4 8.Bg1 a6
9.h3 Nh6 10.g4 b5 11.Be3 Bb7 12.d5 Nb4 13.Bg2 dxe5 14.Nxe5 e6 15.Nc6 Qd6
16.Ne4 exd5 17.Nxd6 Bxc6 18.Bc5 a5 19.g5 Bxb2 20.Bxb4 Bxa1 21.Qxa1 axb4 22.gxh6  1-0

[Event "Malaga"]
[Site "Malaga"]
[Date "1987.??.??"]
[Round "?"]
[White "Reyes, Juan"]
[Black "Todorcevic, Miodrag"]
[Result "0-1"]
[WhiteElo "2430"]
[BlackElo "2455"]

1.e4 g6 2.d4 Bg7 3.Nc3 d6 4.Be3 c6 5.Qd2 Nd7 6.Nge2 b5 7.f3 a6 8.g3 Ngf6
9.Bg2 O-O 10.O-O e5 11.Rad1 Re8 12.dxe5 Nxe5 13.b3 b4 14.Na4 d5 15.Qxb4 a5
16.Qe1 Ba6 17.c4 Qe7 18.f4 Ned7 19.e5 Ng4 20.Nd4 Ndxe5 21.Bc1 Nd3 22.Qc3 Nxc1
23.Qxc1 Qa7 24.c5 Bxf1 25.Bxf1 Qc7 26.Bh3 h5 27.Qd2 Re4 28.Nf3 Rae8  0-1

[Event "Moscow-B"]
[Site "Moscow"]
[Date "1987.??.??"]
[Round "?"]
[White "Kaidanov, Grigory S"]
[Black "Davies, Nigel R"]
[Result "1-0"]
[WhiteElo "2420"]
[BlackElo "2420"]

1.e4 d6 2.d4 g6 3.Nc3 Bg7 4.f4 Nf6 5.Nf3 O-O 6.Bd3 Na6 7.O-O c5 8.d5 Rb8
9.Qe2 Nc7 10.a4 Re8 11.f5 gxf5 12.exf5 e6 13.fxe6 fxe6 14.dxe6 Bxe6 15.Ng5 Bf5
16.Qf3 Bxd3 17.Qxd3 Qd7 18.Qg3 Rf8 19.Be3 Rbe8 20.Rad1 Qg4 21.Bf4 Qxg3 22.Bxg3 Ng4
23.Rxf8+ Rxf8 24.Bxd6 Bd4+ 25.Rxd4 cxd4 26.Bxf8 dxc3 27.Ba3 Nd5 28.Ne4 cxb2
29.Bxb2 Nb6 30.Bd4 Nxa4 31.h3 Nh6 32.Nf6+ Kf7 33.Nxh7 a5 34.g4 b5 35.Ng5+ Ke7
36.Kf2 Kd6 37.Bg7 Ng8 38.h4 b4 39.Ke3 Nb6 40.h5 Nd5+ 41.Kd2 Ke7 42.Ne4 Kf7
43.Bd4 Ndf6 44.Nxf6 Nxf6 45.Bxf6 Kxf6 46.c4  1-0

[Event "Moscow-B"]
[Site "Moscow"]
[Date "1987.??.??"]
[Round "?"]
[White "Sveshnikov, Evgeny"]
[Black "Davies, Nigel R"]
[Result "1/2-1/2"]
[WhiteElo "2535"]
[BlackElo "2420"]

1.e4 d6 2.d4 g6 3.Nc3 Bg7 4.f4 Nf6 5.Nf3 O-O 6.Bd3 Na6 7.e5 Nd7 8.Ng5 dxe5
9.fxe5 Nb6 10.Be4 c5 11.d5 Bxe5 12.Nxh7 Bxc3+ 13.bxc3 Kxh7 14.Qh5+ Kg8 15.Bxg6 fxg6
16.Qxg6+ Kh8 17.c4 Na4 18.Qh5+ Kg8 19.Rb1 Rf5 20.Qg6+ Kh8 21.Rb3 Re5+ 22.Kd1 Qg8
23.Qh6+ Qh7 24.Qf8+ Qg8 25.Qh6+  1/2-1/2

[Event "Moscow-B"]
[Site "Moscow"]
[Date "1987.??.??"]
[Round "?"]
[White "Garcia Martinez, Silvino"]
[Black "Belov, Igor"]
[Result "1/2-1/2"]
[WhiteElo "2455"]
[BlackElo "2405"]

1.e4 d6 2.d4 g6 3.Nc3 Bg7 4.Be3 c6 5.Qd2 b5 6.Bd3 Nd7 7.Nf3 Ngf6 8.Bh6 O-O
9.Bxg7 Kxg7 10.e5 dxe5 11.dxe5 Ng4 12.Qf4 Ndxe5 13.Nxe5 Qd6 14.Nxg6 fxg6
15.Qxd6 exd6 16.O-O Ne5  1/2-1/2

[Event "Munich zt"]
[Site "Munich"]
[Date "1987.??.??"]
[Round "?"]
[White "Kindermann, Stefan"]
[Black "Hickl, Joerg"]
[Result "0-1"]
[WhiteElo "2520"]
[BlackElo "2450"]

1.e4 g6 2.d4 Bg7 3.Nc3 d6 4.Be3 Nc6 5.Nf3 Bg4 6.Bb5 a6 7.Bxc6+ bxc6 8.h3 Bxf3
9.Qxf3 Qb8 10.e5 Qb7 11.O-O Nh6 12.Rad1 O-O 13.Bc1 Qb6 14.Qe4 Nf5 15.b3 dxe5
16.Na4 Qa7 17.Qxc6 exd4 18.Ba3 Qb8 19.g4 Nd6 20.Bb2 e5 21.f4 Qb5 22.Qxc7 Ne4
23.c4 dxc3 24.Nxc3 Nxc3 25.Qxc3 Qb6+ 26.Kh1 Rac8 27.Qf3 e4 28.Qe2 Bxb2 29.Qxb2 Qe3
30.Qg2 Rfe8 31.Rde1 Qd3 32.Rd1 Qb5 33.f5 Rc3 34.Rde1 Qd3 35.Rd1 Qxh3+ 36.Qxh3 Rxh3+
37.Kg2 Re3 38.fxg6 hxg6 39.Rd7 Rf8 40.Re7 Re2+ 41.Rf2 Rxf2+ 42.Kxf2 f5 43.Re6 Kf7
44.Rxa6 Rc8 45.gxf5 gxf5 46.Ke3 Rc3+ 47.Kd2 Rd3+ 48.Ke2 f4 49.Ra4 Re3+ 50.Kf2 Ke6
51.Ra8 Rh3 52.Re8+ Kd5 53.Rd8+ Ke5 54.Re8+ Kd4 55.Rd8+ Kc3 56.Rf8 e3+ 57.Ke2 Rh2+
58.Ke1 Kd3  0-1

[Event "Munich zt"]
[Site "Munich"]
[Date "1987.??.??"]
[Round "?"]
[White "Klinger, Josef"]
[Black "Hickl, Joerg"]
[Result "1/2-1/2"]
[WhiteElo "2465"]
[BlackElo "2450"]

1.e4 g6 2.d4 Bg7 3.Nc3 d6 4.Nge2 Nf6 5.g3 O-O 6.Bg2 Na6 7.h3 Rb8 8.Be3 Bd7
9.g4 b5 10.a3 c5 11.dxc5 dxc5 12.Bf4 Nc7 13.Qd2 Qc8 14.Qe3 b4 15.Nd1 bxa3
16.Rxa3 Nb5 17.Ra5 Rb6 18.e5 Ne8 19.c4 Nd4 20.Nxd4 cxd4 21.Qxd4 Bc6 22.Rc5 Nc7
23.Rxc6 Rxc6 24.Bxc6 Ne6 25.Qe4 Nxf4 26.Qxf4 Qxc6 27.O-O Rc8 28.Ne3 Qc7 29.Nd5 Qxc4
30.Qxc4 Rxc4 31.f4 e6 32.Nf6+ Bxf6 33.exf6 h6 34.Kg2 g5 35.fxg5 hxg5 36.Ra1  1/2-1/2

[Event "NLD-ch"]
[Site "?"]
[Date "1987.??.??"]
[Round "?"]
[White "Ligterink, Gert"]
[Black "Timman, Jan H"]
[Result "0-1"]
[WhiteElo "2470"]
[BlackElo "2590"]

1.d4 g6 2.e4 Bg7 3.Nc3 d6 4.Nf3 Nf6 5.h3 O-O 6.Be3 c6 7.a4 d5 8.e5 Ne4 9.Nxe4 dxe4
10.Ng5 c5 11.dxc5 Qc7 12.Bc4 Nc6 13.Nxe4 Qxe5 14.Nc3 Be6 15.Bxe6 Qxe6 16.O-O Rad8
17.Qc1 Bxc3 18.bxc3 Rd7 19.Re1 Rfd8 20.Qb2 Qf5 21.Qb3 h5 22.a5 a6 23.Qa4 g5
24.Rab1 Qg6 25.Bd4 Rc8 26.Re3 f6 27.Re6 Qf5 28.Rbe1 Kf7 29.Qc4 Qd5 30.Qd3 Rh8
31.Qe2 Qf5 32.Qc4 Kg6 33.R1e3 g4 34.Qe2 Kf7 35.h4 Rhd8 36.Qc4 Kg6 37.Qe2 Rxd4
38.cxd4 Nxd4 39.Qc4 Nxe6 40.Qxe6 Rd1+ 41.Kh2 Qf4+ 42.Rg3 Qxf2 43.Rxg4+ hxg4
44.Qxg4+ Kf7 45.Qxd1 Qxh4+ 46.Kg1 Qc4 47.Qh5+ Kg7 48.Qf5 e6 49.Qf2 Qc3 50.Kh2 Qxa5
51.Qg3+ Kf7 52.Qd6 Qb4 53.Qd7+ Kg6 54.Qe8+ Kg5 55.Qg8+ Kf5 56.Qh7+ Ke5 57.Qc7+ Kf5
58.Qh7+ Ke5 59.Qc7+ Kd4 60.Qd6+ Kc3 61.Qxe6 Qh4+ 62.Kg1 Qd4+ 63.Kh1 Qd1+
64.Kh2 Qh5+ 65.Kg1 Qxc5+ 66.Kh1 Qc6 67.Qb3+ Kd4 68.Qd3+ Ke5 69.Qg3+ Ke6 70.Qg8+ Kf5
71.Qh7+ Kg5 72.Qg7+ Kf4 73.Qh6+ Ke5 74.Qe3+ Qe4 75.Qc5+ Ke6 76.Qb6+ Kf5 77.c4 Kg4
78.c5 Kg5 79.Kg1 f5 80.Kh1 Qd5 81.Qc7 Kf6 82.Qb6+ Ke5 83.Qb2+ Ke4 84.Qc3 f4
85.Kh2 Qh5+ 86.Kg1 Qd1+ 87.Kh2 Qd5 88.Kh1 Kf5 89.Qh3+ Ke5 90.Qh8+ Ke4 91.Qc3 Kf5
92.Qh3+ Kg5 93.Qc3 Kg6 94.Kh2 Qe4 95.Qh8 Qc6 96.Qd4 Kf5 97.Kg1 a5 98.Qd3+ Ke5
99.Qc3+ Kd5 100.Qd2+ Kc4 101.Qxf4+ Kb5 102.g4 Qxc5+ 103.Kh2 a4 104.g5 a3
105.Qf1+ Ka5 106.Qe1+ Ka6 107.Qe6+ Ka7 108.g6 Qf2+ 109.Kh3 a2  0-1

[Event "Pancevo"]
[Site "Pancevo"]
[Date "1987.??.??"]
[Round "?"]
[White "Rodriguez, Amador"]
[Black "Todorcevic, Miodrag"]
[Result "1-0"]
[WhiteElo "2515"]
[BlackElo "2475"]

1.e4 g6 2.d4 Bg7 3.Nc3 d6 4.Nf3 Nf6 5.h3 O-O 6.Be3 c6 7.a4 a5 8.Be2 Nbd7
9.O-O e5 10.Re1 Qe7 11.Bf1 Re8 12.Qd2 exd4 13.Nxd4 Nc5 14.f3 Nfd7 15.Rad1 Na6
16.Bh6 Bxh6 17.Qxh6 Nb4 18.Re2 Qf8 19.Qf4 Ne5 20.Red2 Qg7 21.Qh4 f5 22.f4 Nf7
23.exf5 Bxf5 24.Nxf5 gxf5 25.Ne2 Nd5 26.Ng3 Qg6 27.Bc4 Kh8 28.Bxd5 cxd5 29.Rxd5 Rac8
30.c3 Rc4 31.Rxf5 Re3 32.Qf6+ Kg8 33.Qxf7+ Qxf7 34.Rxf7 Kxf7 35.Nf5 Re6 36.Nxd6+ Rxd6
37.Rxd6  1-0

[Event "Pancevo"]
[Site "Pancevo"]
[Date "1987.??.??"]
[Round "?"]
[White "Marjanovic, Slavoljub"]
[Black "Todorcevic, Miodrag"]
[Result "0-1"]
[WhiteElo "2505"]
[BlackElo "2475"]

1.e4 g6 2.d4 Bg7 3.Nc3 d6 4.f4 c6 5.Nf3 Bg4 6.Be3 Qb6 7.Qd3 Nf6 8.O-O-O d5
9.e5 Ne4 10.Ne2 Na6 11.h3 Bd7 12.g4 O-O-O 13.Rg1 e6 14.a3 c5 15.dxc5 Naxc5
16.Qd4 Kb8 17.Nc3 Rc8 18.Kb1 Rhd8 19.Be2 Qa5 20.Na2 Bf8 21.b4 Qb6 22.Qb2 Na4
23.Bxb6 Nxb2 24.Bxa7+ Kxa7 25.Kxb2 Nf2 26.Rd4 Ba4 27.Nc3 Rxc3 28.Kxc3 Rc8+
29.Kd2 Rxc2+ 30.Ke3 Ne4 31.Ra1 Be7 32.Bd3 Rc3 33.Nd2 f5 34.exf6 Bxf6 35.g5 Rxd3+
36.Rxd3 Bxa1 37.Nxe4 dxe4 38.Rd6 Bc6 39.Rxe6 Bb2 40.b5 Bxb5 41.Kxe4 Bd7 42.Re7 Bxh3
43.a4 Bf5+ 44.Kd5 Bc1 45.Ke5 Kb6 46.Rxh7 Kc6 47.Rh2 Kc5 48.Ra2 Be3 49.Kf6 Bxf4
50.Rb2 Kc6 51.Rb5 Bd2 52.Rb3 b6 53.Rb5 Bc2 54.Kf7 Bc3 55.Ke7 Bxa4 56.Rb1 Bd2
57.Kf7 Bxg5 58.Rg1 Be3 59.Re1 Bd4 60.Kxg6 b5 61.Kf5 Bc2+  0-1

[Event "Pancevo"]
[Site "Pancevo"]
[Date "1987.??.??"]
[Round "?"]
[White "Todorovic, Goran N"]
[Black "Todorcevic, Miodrag"]
[Result "0-1"]
[WhiteElo "2410"]
[BlackElo "2475"]

1.e4 g6 2.d4 Bg7 3.Nc3 d6 4.f4 c6 5.Nf3 Bg4 6.Be3 Qb6 7.Qd2 Bxf3 8.gxf3 Nd7
9.O-O-O Qa5 10.Kb1 e6 11.Rg1 O-O-O 12.Bd3 Kb8 13.e5 d5 14.f5 Bf8 15.fxe6 fxe6
16.Qf2 c5 17.f4 c4 18.Bf1 Ne7 19.Bh3 Qa6 20.Ne2 b5 21.Bd2 Re8 22.Rg3 Nc6
23.Rdg1 b4 24.Bc1 Nd8 25.f5 gxf5 26.Rg8 Rxg8 27.Rxg8 b3 28.Nc3 bxc2+ 29.Qxc2 Nc6
30.Qd1 Rc8 31.Nxd5 exd5 32.Bxf5 Ne7 33.Bxd7 Nxg8 34.Bxc8 Qxc8 35.Qf3 Ne7
36.Qf7 Qf5+  0-1

[Event "Pavlodar"]
[Site "Pavlodar"]
[Date "1987.??.??"]
[Round "?"]
[White "Janovsky, Sergey"]
[Black "Nenashev, Alexander"]
[Result "0-1"]
[WhiteElo "2375"]
[BlackElo "2415"]

1.e4 g6 2.d4 Bg7 3.Nc3 d6 4.Be3 c6 5.Qd2 b5 6.f3 Nd7 7.g4 Nb6 8.b3 h5 9.g5 a5
10.Rd1 e6 11.Bg2 Ne7 12.Nh3 Qc7 13.O-O O-O 14.Qf2 Nd7 15.Ne2 d5 16.Nhf4 Ba6
17.Qh4 b4 18.Rf2 e5 19.Nd3 Rad8 20.f4 exd4 21.Bxd4 Bxd4 22.Nxd4 c5 23.Ne2 c4
24.bxc4 dxe4 25.Bxe4 Qxc4 26.Ng3 Nc5 27.Re1 Rd4 28.f5 Re8 29.Nxh5 gxh5 30.g6 fxg6
31.Nxc5 Qxc5 32.f6 Nf5 33.Rxf5 Rexe4 34.Rxc5 Rxh4 35.Rc7 Rhg4+ 36.Kh1 Be2
37.h3 Bf3+  0-1

[Event "Pucarevo zt"]
[Site "Pucarevo"]
[Date "1987.??.??"]
[Round "5"]
[White "Yilmaz, Turham"]
[Black "Rukavina, Josip"]
[Result "0-1"]
[WhiteElo "2375"]
[BlackElo "2485"]

1.e4 g6 2.d4 Bg7 3.Nc3 d6 4.Be3 c6 5.Qd2 b5 6.Bd3 Nd7 7.Nf3 Qc7 8.O-O Ngf6
9.Bh6 O-O 10.Rad1 Bb7 11.Rfe1 e5 12.Bf1 Rfe8 13.a3 a6 14.dxe5 dxe5 15.Nh4 Nf8
16.Bxg7 Kxg7 17.Qg5 Ng8 18.Nf5+ Kh8 19.Nd6 Re6 20.g3 f6 21.Qd2 Kg7 22.Bh3 Re7
23.Re3 Nh6 24.Rd3 Nf7 25.Nxf7 Rxf7 26.Qe3 Bc8 27.Bxc8 Rxc8 28.Qd2 Qa7 29.Na2 Ne6
30.b4 Rcc7 31.c3 a5 32.Nc1 c5 33.Rd6 Rfe7 34.Qd5 Ng5 35.Rd8 cxb4 36.Ra8 Qb6
37.Qd8 Rf7 38.Rb8 Qc6 39.h4 Nf3+ 40.Kf1 Qxe4 41.axb4 axb4 42.cxb4 Nd4 43.Kg1 Qf3  0-1

[Event "FRA-ch"]
[Site "Rouen"]
[Date "1987.??.??"]
[Round "5"]
[White "Prevot, Emmanuel"]
[Black "Chabanon, Jean Luc"]
[Result "0-1"]
[WhiteElo "2200"]
[BlackElo "2200"]

1.e4 g6 2.d4 Bg7 3.Nc3 d6 4.Nf3 c6 5.Be2 Nd7 6.O-O b5 7.a4 b4 8.Na2 a5 9.c3 Ngf6
10.e5 dxe5 11.dxe5 Nd5 12.e6 fxe6 13.Ng5 Ne5 14.c4 Nb6 15.Qxd8+ Kxd8 16.f4 Nexc4
17.Nf7+ Ke8 18.Nxh8 Nxb2 19.Rb1 N2xa4 20.Bf3 Nd5 21.Nxg6 hxg6 22.Bd2 Bd7
23.h4 Rc8 24.Be4 Kf7 25.g4 Rh8 26.f5 gxf5  0-1

[Event "FRA-ch"]
[Site "Rouen"]
[Date "1987.??.??"]
[Round "9"]
[White "Roos, Louis"]
[Black "Seret, Jean Luc"]
[Result "0-1"]
[WhiteElo "2345"]
[BlackElo "2425"]

1.e4 d6 2.Nc3 g6 3.d4 Bg7 4.Nf3 Nf6 5.Be2 O-O 6.O-O Bg4 7.Be3 Nc6 8.Qd2 e5
9.dxe5 dxe5 10.Rad1 Qc8 11.Bg5 Bxf3 12.Bxf3 Nd4 13.Bxf6 Bxf6 14.Nd5 Bd8 15.Be2 c6
16.Ne3 Bg5 17.c3 Nxe2+ 18.Qxe2 Qe6 19.b3 Rfd8 20.Rxd8+ Rxd8 21.Rd1 Rd6 22.Rxd6 Qxd6
23.Nc4 Qc7 24.b4 b5 25.Na5 Qd6 26.Nb3 Bd8 27.Qd2 Qe7 28.g3 Bb6 29.Kg2 Kg7
30.Qd3 Qe6 31.h4 h5 32.f3 Qe7 33.Qd2 Qe6 34.Qd3 Kf8 35.Qe2 Ke7 36.g4 hxg4
37.fxg4 Qf6 38.h5 gxh5 39.gxh5 Qg5+ 40.Kh3 Qf4 41.Nc5 Bxc5 42.bxc5 Kf6 43.Qg2 Qe3+
44.Kh4 Qf4+ 45.Kh3 Qg5 46.Qg4 Qe3+ 47.Kg2 Qd2+ 48.Kg1 Qg5  0-1

[Event "FRA-ch"]
[Site "Rouen"]
[Date "1987.??.??"]
[Round "10"]
[White "Mohebbi, Jafar"]
[Black "Benoit, Michel"]
[Result "0-1"]
[WhiteElo "2200"]
[BlackElo "2240"]

1.e4 g6 2.d4 Bg7 3.Nc3 d6 4.Nf3 Nd7 5.Be3 e6 6.Qd2 h6 7.Be2 b6 8.O-O Ne7
9.h3 Bb7 10.a4 a6 11.Nh2 d5 12.exd5 exd5 13.Bf3 Nf6 14.Rfe1 Ne4 15.Qd3 f5
16.a5 O-O 17.g3 g5 18.Ne2 b5 19.Bg2 Qd6 20.f4 Ng6 21.Bc1 Rae8 22.Nf3 c5 23.c3 gxf4
24.Bxf4 Nxf4 25.gxf4 c4 26.Qc2 Bf6 27.Ne5 Bh4 28.Rf1 Re7 29.Kh2 Rg7 30.Bf3 Kh8
31.Rg1 Rfg8 32.Rg6 Qf8 33.Rxh6+ Rh7 34.Ng6+ Rxg6 35.Rxg6 Bf2 36.Rf1 Qf7 37.Rg2 Rxh3+  0-1

[Event "Sevilla op"]
[Site "Sevilla"]
[Date "1987.??.??"]
[Round "?"]
[White "Sax, Gyula"]
[Black "Hoi, Carsten"]
[Result "1-0"]
[WhiteElo "2570"]
[BlackElo "2355"]

1.e4 g6 2.d4 Bg7 3.Nc3 d6 4.f4 Nf6 5.Nf3 O-O 6.Be2 c5 7.dxc5 Qa5 8.O-O Qxc5+
9.Kh1 Nbd7 10.Bd3 a6 11.Qe2 e5 12.f5 b5 13.fxg6 hxg6 14.Ng5 Bb7 15.Qe1 b4
16.Na4 Qc6 17.Qxb4 d5 18.Nc3 Nb6 19.a4 Rac8 20.a5  1-0

[Event "Rilton Cup"]
[Site "Stockholm"]
[Date "1987.??.??"]
[Round "?"]
[White "Degerman, Lars"]
[Black "Sznapik, Krzysztof"]
[Result "1-0"]
[WhiteElo "2390"]
[BlackElo "2230"]

1.e4 g6 2.d4 Bg7 3.Nc3 d6 4.Nge2 a6 5.a4 Nf6 6.g3 Nc6 7.h3 O-O 8.Bg2 e5 9.Be3 Re8
10.O-O exd4 11.Nxd4 Ne5 12.b3 c5 13.Nde2 Rb8 14.f4 Nc6 15.Qd2 Nb4 16.Rad1 b6
17.e5 Nd7 18.Qxd6 Nxc2 19.Bf2 Bf8 20.Qd2 Nb4 21.Ne4 Be7 22.Nd6 Bxd6 23.Qxd6 Qe7
24.Qc7 a5 25.Nc3 Kg7 26.Ne4 Na6 27.Qd6 Qxd6 28.Nxd6 Re7 29.Nxc8  1-0

[Event "Rilton Cup"]
[Site "Stockholm"]
[Date "1987.??.??"]
[Round "?"]
[White "Winsnes, Rikard"]
[Black "Carlhammar, Magnus"]
[Result "1/2-1/2"]
[WhiteElo "2270"]
[BlackElo "2335"]

1.e4 g6 2.d4 Bg7 3.Nc3 d6 4.h3 Nf6 5.Nf3 O-O 6.Be3 c6 7.a4 a5 8.Be2 Na6 9.O-O Nb4
10.Qd2 Qc7 11.Rfd1 Re8 12.Rac1 Bd7 13.e5 Nfd5 14.Nxd5 Nxd5 15.Bh6 Rad8 16.c4 Nb4
17.Qf4 Bf5 18.g4 dxe5 19.Nxe5 Bxh6 20.Qxh6 Be6 21.Qe3  1/2-1/2

[Event "Armed Forces-ch "]
[Site "Sverdlovsk"]
[Date "1987.??.??"]
[Round "?"]
[White "Yurtaev, Leonid"]
[Black "Nenashev, Alexander"]
[Result "1-0"]
[WhiteElo "2460"]
[BlackElo "2420"]

1.e4 g6 2.d4 Bg7 3.Nc3 d6 4.Be2 Nf6 5.Nf3 O-O 6.O-O Nbd7 7.e5 Ne8 8.Bg5 Nb6
9.Re1 c6 10.Bf1 f6 11.Bh4 Nc7 12.h3 Be6 13.Ne4 Qd7 14.exd6 exd6 15.Bg3 f5
16.Neg5 Bc4 17.Bxc4+ Nxc4 18.Qe2 Nb6 19.Qe7 Rad8 20.Nxh7 Rf7 21.Qh4 Nbd5
22.c4 Nf6 23.Nhg5 Re7 24.c5 Rxe1+ 25.Rxe1 Bf8 26.Ne6 Re8 27.Nxc7 Rxe1+ 28.Nxe1 Nh5
29.Qg5 Kh7 30.Bxd6 Bxd6 31.cxd6 Qxd6 32.Ne8 Qxd4 33.Qe7+  1-0

[Event "BCF-ch"]
[Site "Swansea"]
[Date "1987.??.??"]
[Round "?"]
[White "Thomas, Ian"]
[Black "McNab, Colin Anderson"]
[Result "1-0"]
[WhiteElo "2335"]
[BlackElo "2435"]

1.e4 g6 2.d4 d6 3.Nc3 Bg7 4.Be3 Nf6 5.h3 c6 6.g4 b5 7.g5 Nfd7 8.Nf3 Bb7 9.a3 a6
10.h4 Nb6 11.h5 N8d7 12.h6 Bf8 13.d5 c5 14.Bh3 Nc4 15.Bc1 Qa5 16.Nd2 Nxd2
17.Bxd2 Qc7 18.Ne2 e5 19.dxe6 fxe6 20.Bxe6 Bxe4 21.Rh4 Bc6 22.Nf4 O-O-O 23.Bc3 Be7
24.Nd5 Bxd5 25.Qxd5 Rhe8 26.Re4 Qb7 27.Qxb7+ Kxb7 28.Bf7 Kc6 29.Bxe8 Rxe8
30.Kf1 Nb6 31.Rae1 Nd5 32.Bf6 Bxf6 33.Rxe8 Bxg5 34.Rc8+ Kd7 35.Rh8 Nf6 36.Rf8 Ng4
37.f4 Bxh6 38.Rf7+ Kc6 39.Kg2 g5 40.Kg3  1-0

[Event "BCF-ch"]
[Site "Swansea"]
[Date "1987.??.??"]
[Round "?"]
[White "Coleman, David"]
[Black "McNab, Colin Anderson"]
[Result "0-1"]
[WhiteElo "2270"]
[BlackElo "2435"]

1.e4 g6 2.d4 Bg7 3.Nc3 d6 4.f4 Nc6 5.Be3 Nf6 6.Nf3 O-O 7.Be2 e6 8.O-O Ne7
9.Qe1 b6 10.Rd1 Bb7 11.Bd3 c5 12.dxc5 bxc5 13.e5 Nfd5 14.exd6 Qxd6 15.Ne4 Qc7
16.Bxc5 f5 17.Bxe7 Qxe7 18.Neg5 Nxf4 19.Qh4 Nh5 20.Nxe6 Bf6 21.Qc4 Rfc8 22.Qb3 Kh8
23.Bb5 Bxf3 24.Rxf3 Rab8 25.Rd7 Rxb5 26.Qxb5 Qxe6 27.Qb7 Re8 28.Qxa7 Ng7
29.a4 Qc4 30.Rf1 Bg5 31.Rd3 Qxc2 32.Rg3 Bf6 33.Qf7 Bxb2 34.Kh1 Qxa4 35.Rh3 Qa6
36.Rg1 Bd4 37.Rd1 Qe2 38.Rg1 Qf2  0-1

[Event "BCF-ch"]
[Site "Swansea"]
[Date "1987.??.??"]
[Round "?"]
[White "Sathe, B."]
[Black "Hennigan, Michael"]
[Result "0-1"]
[WhiteElo "2190"]
[BlackElo "2320"]

1.e4 g6 2.d4 Bg7 3.Nc3 d6 4.f4 Nf6 5.Nf3 c5 6.Bb5+ Bd7 7.e5 Ng4 8.h3 Bxb5
9.Nxb5 dxe5 10.hxg4 Qa5+ 11.Kf2 e4 12.Qe1 Qxb5 13.Qxe4 Nd7 14.Re1 O-O 15.a4 Qa6
16.Qxe7 Rad8 17.Ne5 Bf6 18.Nxd7 Bxe7 19.Rxe7 Qd6  0-1

[Event "Tashkent"]
[Site "Tashkent"]
[Date "1987.??.??"]
[Round "?"]
[White "Tseshkovsky, Vitaly"]
[Black "Nenashev, Alexander"]
[Result "1-0"]
[WhiteElo "2485"]
[BlackElo "2415"]

1.e4 g6 2.d4 Bg7 3.Nc3 d6 4.f4 Nc6 5.Be3 Nf6 6.Nf3 e6 7.Qd2 Ne7 8.h3 b6 9.Bb5+ Bd7
10.a4 O-O 11.O-O c6 12.Bd3 c5 13.e5 dxe5 14.fxe5 Nfd5 15.Nxd5 Nxd5 16.Bg5 Qe8
17.c4 Nb4 18.Be4 Bc6 19.d5 exd5 20.cxd5 Bb7 21.Bf6 Qd7 22.Nh2 h5 23.Bxg7 Kxg7
24.e6 fxe6 25.Qg5 Rf5 26.Bxf5 exf5 27.Nf3 Nxd5 28.Nh4 Ne7 29.Rae1 Be4 30.Nxf5+ Nxf5
31.Rxe4 Qd3 32.Re6 Ng3 33.Rff6 Qd1+ 34.Kh2 Nf1+ 35.Rxf1 Qxf1 36.Qxg6+ Kh8
37.Qh6+ Kg8 38.Rg6+  1-0

[Event "Tbilisi"]
[Site "Tbilisi"]
[Date "1987.??.??"]
[Round "?"]
[White "Shabanov, Yuri"]
[Black "Hoi, Carsten"]
[Result "1-0"]
[WhiteElo "2410"]
[BlackElo "2355"]

1.e4 d6 2.d4 g6 3.Nc3 Bg7 4.Be3 a6 5.Qd2 b5 6.f3 Bb7 7.Nh3 Nd7 8.a4 bxa4
9.Be2 Ngf6 10.O-O O-O 11.Rxa4 c5 12.Rfa1 cxd4 13.Bxd4 Nc5 14.Ra5 Qc7 15.Nd5 Nxd5
16.exd5 Bxd4+ 17.Qxd4 Nd7 18.c4 Nf6 19.Nf2 Rfb8 20.b4 Re8 21.Bf1 Rab8 22.Ne4 Nh5
23.c5 dxc5 24.bxc5 Rbd8 25.Nc3 Ng7 26.c6 Bc8 27.Qc5 Qe5 28.R1a2 Nh5 29.Re2 Qc7
30.Re1 Nf4 31.Bc4 Bf5 32.Rxa6 Nxg2 33.Kxg2 Qf4 34.Be2 Rb8 35.Ra4 Qg5+ 36.Kh1 Rb3
37.Ne4 Qh4 38.Qf2 Qh6 39.d6  1-0

[Event "Tel Aviv"]
[Site "Tel Aviv"]
[Date "1987.??.??"]
[Round "?"]
[White "Gradstein, Mark"]
[Black "Pein, Malcolm"]
[Result "1/2-1/2"]
[WhiteElo "2290"]
[BlackElo "2370"]

1.e4 g6 2.d4 Bg7 3.Nc3 d6 4.Bg5 a6 5.f4 b5 6.Bd3 Bb7 7.Nf3 Nf6 8.O-O b4 9.Bxf6 Bxf6
10.e5 Bg7 11.Ne4 O-O 12.Qe1 c5 13.e6 f5 14.Neg5 Rf6 15.Qh4 h6 16.Rae1 Bd5
17.dxc5 hxg5 18.Nxg5 Nc6 19.Bxf5 gxf5 20.Qh7+ Kf8 21.Qh5 Nd4 22.Nh7+ Kg8
23.Nxf6+ Bxf6 24.Qf7+ Kh8 25.Re3 Ne2+ 26.Rxe2 Qe8 27.Qxe8+ Rxe8 28.Rd2 Bxe6
29.Re1 Bxa2 30.cxd6 Bc4 31.dxe7 Bxe7 32.Kh1 Kg7 33.b3 Bb5 34.Rd5 Kf6 35.Ree5 Rc8
36.Rxf5+ Kg6 37.h4 Bxh4 38.Rh5 Bf6 39.Rh3 Rxc2 40.Rg3+ Kf7 41.Rh5 Rc3 42.Rhh3 Rxg3
43.Rxg3 a5  1/2-1/2

[Event "Tirnavia-B"]
[Site "Trnava"]
[Date "1987.??.??"]
[Round "5"]
[White "Lanka, Zigurds"]
[Black "Hoi, Carsten"]
[Result "1-0"]
[WhiteElo "2375"]
[BlackElo "2355"]

1.e4 g6 2.d4 d6 3.Nc3 Bg7 4.f4 Nf6 5.Nf3 O-O 6.Be3 c6 7.Bd3 Nbd7 8.e5 Ng4
9.Bg1 c5 10.Qe2 cxd4 11.Bxd4 dxe5 12.fxe5 Qa5 13.e6 Nde5 14.exf7+ Rxf7 15.Bc4 Nxc4
16.Qxc4 Ne5 17.Nxe5 Bxe5 18.O-O-O Bxd4 19.Rxd4 Qg5+ 20.Kb1 Bf5 21.g3 Rc8
22.Qd5 Qe3 23.Rhd1 e6 24.Qg2 e5 25.Rb4 a5 26.Rb5 a4 27.a3 Rxc3 28.bxc3 Qxc3
29.Qe2 Rc7 30.Rb2 h5 31.Qd2 Qc5 32.Qd5+ Qxd5 33.Rxd5 e4 34.Kc1 Re7 35.Rd8+ Kf7
36.Rb8 Kf6 37.R8xb7 Rxb7 38.Rxb7 Kg5 39.c4 Kg4 40.Kd1 Kf3 41.Ke1 Kg2 42.Rb2+ Kh3
43.Re2 g5 44.c5 h4 45.gxh4 gxh4 46.c6 e3 47.c7 Bg4 48.Rxe3+ Kxh2 49.Re4  1-0

[Event "US op"]
[Site "?"]
[Date "1987.??.??"]
[Round "7"]
[White "Wood, David A"]
[Black "Weeramantry, Sunil"]
[Result "0-1"]
[WhiteElo "2275"]
[BlackElo "2225"]

1.e4 d6 2.d4 g6 3.Nc3 Bg7 4.Be3 c6 5.Qd2 b5 6.Be2 Nf6 7.f3 a6 8.g4 Qc7 9.g5 Nfd7
10.f4 Nb6 11.h4 f5 12.h5 b4 13.Nd1 fxe4 14.Qxb4 Bf5 15.c4 N8d7 16.Qd2 e6
17.Nc3 O-O 18.Nh3 c5 19.dxc5 Nxc5 20.hxg6 hxg6 21.Bd4 Nd3+ 22.Bxd3 exd3 23.Bxg7 Nxc4
24.Qg2 Qxg7 25.Nf2 Rab8 26.Ng4 Rxb2 27.Qxb2 Bxg4  0-1

[Event "Voronez"]
[Site "Voronez"]
[Date "1987.??.??"]
[Round "?"]
[White "Petrienko, Vladimir"]
[Black "Kristiansen, Jens"]
[Result "1-0"]
[WhiteElo "2410"]
[BlackElo "2445"]

1.e4 g6 2.d4 Bg7 3.Nc3 d6 4.Be3 c6 5.Qd2 b5 6.Bd3 Nd7 7.Nge2 Ngf6 8.Bh6 O-O
9.O-O e5 10.Rae1 a6 11.a4 Bb7 12.b3 Re8 13.axb5 axb5 14.dxe5 dxe5 15.Rd1 Nc5
16.Bxg7 Kxg7 17.Qe3 Qe7 18.Ng3 Ne6 19.Nce2 h5 20.f3 h4 21.Nh1 Qc5 22.Qxc5 Nxc5
23.Nf2 b4 24.Bc4 Ra2 25.Rd2 Ba6 26.Nc1 Bxc4 27.Nxa2 Bxf1 28.Kxf1 Rb8 29.Nc1 Nfd7
30.Ncd3 f5 31.Nxc5 Nxc5 32.Rd6 Rc8 33.Ke2 fxe4 34.fxe4 Rc7 35.Ke3 Nd7 36.Ng4 c5
37.Kd3 c4+ 38.bxc4 Nc5+ 39.Ke3 Nxe4 40.Rb6 Nc5 41.Nxe5 Re7 42.Rxg6+ Kh7 43.Rg5 Kh6
44.Rf5 Ne6  1-0

[Event "Warsaw zt-A"]
[Site "Warsaw"]
[Date "1987.??.??"]
[Round "?"]
[White "Jansa, Vlastimil"]
[Black "Radulov, Ivan"]
[Result "1-0"]
[WhiteElo "2465"]
[BlackElo "2430"]

1.e4 g6 2.d4 Bg7 3.Nc3 d6 4.Be3 c6 5.h3 Nd7 6.Nf3 Ngf6 7.e5 Nd5 8.Nxd5 cxd5
9.exd6 exd6 10.Bd3 O-O 11.O-O Nf6 12.c3 Bd7 13.Qb3 Bc6 14.Bg5 Qd7 15.Bxf6 Bxf6
16.Rfe1 Rfe8 17.Rxe8+ Rxe8 18.Re1 Re6 19.Qc2 Kg7 20.Kh2 Qe7 21.Re2 Bd7 22.Qd2 h6
23.Kg1 Rxe2 24.Qxe2 Qxe2 25.Bxe2 Bf5 26.Kf1 Be4 27.Ke1 Kf8 28.g3 Ke7 29.Nd2 Bg7
30.Bf3 f5 31.Be2 h5 32.f3 Bc2 33.Bd1 Bxd1 34.Kxd1 Bh6 35.Ke2 Bxd2 36.Kxd2 f4
37.gxf4 Ke6 38.a4 a5 39.b3 h4 40.c4 b6 41.Kd3 Kf5 42.Ke3 Kf6 43.f5 gxf5 44.cxd5 Ke7
45.Kd3 Kd7 46.Kc4 Kc8 47.Kb5 Kb7 48.f4  1-0

[Event "Hoogovens-B"]
[Site "Wijk aan Zee"]
[Date "1987.??.??"]
[Round "?"]
[White "Kuijf, Marinus"]
[Black "Piket, Jeroen"]
[Result "1-0"]
[WhiteElo "2470"]
[BlackElo "2405"]

1.e4 d6 2.d4 g6 3.Nc3 Bg7 4.f4 Nf6 5.Nf3 O-O 6.Be2 c5 7.dxc5 Qa5 8.O-O Qxc5+
9.Kh1 Nbd7 10.Bd3 a6 11.Qe1 b5 12.Be3 Qc7 13.a3 Bb7 14.Qh4 Rae8 15.f5 e6
16.Bg5 Qc6 17.Rad1 Qc5 18.Nd2 Ba8 19.Be2 exf5 20.exf5 Rxe2 21.Nxe2 h6 22.Bxf6 Nxf6
23.fxg6 fxg6 24.c3 Re8 25.Nd4 Qd5 26.Qg3 Kh7 27.Rde1 Re5 28.Qf3 Qg8 29.Qd1 Rh5
30.Ne6 Qc8 31.Nf3 Ng4 32.Qxd6 Bxf3 33.Rxf3 Nxh2 34.Rh3 Rxh3 35.gxh3 Nf3 36.Qe7  1-0